000 00459nam a2200169Ia 4500
003 GCL
008 140319s9999 xx 000 0 eng d
040 _aGCL /
_cGCL
082 0 4 _a001.3094
_bK C
100 1 _aKRAYE, JILL
245 1 0 _aTHE CAMBRDIGE COMPANION TO RENAISSANCE HUMANISM /
_cKRAYE, JILL
260 _a[S.N] :
_bCAMBRIDGE UNIVERSITY PRESS ،
_c1996
300 _a320 P
650 0 4 _aRENAISSANCE PERIOD
650 0 4 _aHUMANISM
942 _2ddc
_cBK
999 _c13626
_d13626